[Event "Nettetal op"]
[Site "Nettetal"]
[Date "2010.07.09"]
[Round "8"]
[White "Timmermans, Peter"]
[Black "Montforts, Ton"]
[Result "0-1"]
[WhiteElo "1286"]
[BlackElo "1614"]
[PlyCount "128"]
[EventDate "2010.07.03"]
[EventType "swiss"]
[EventRounds "9"]
[EventCountry "GER"]
[SourceTitle "CBM 137 Extra"]
[Source "ChessBase"]
[SourceDate "2010.09.01"]
[SourceVersion "1"]
[SourceVersionDate "2010.09.01"]
[SourceQuality "1"]

1. d4 Nf6 2. f3 d6 3. Nc3 g6 4. e4 Bg7 5. Be3 0-0 6. Bc4 e5 7. d5 b6 8. Qd2 a5 9. 0-0-0 Nfd7 10. Bb5 Nc5 11. Bg5 f6 12. Bh4 Rf7 13. g4 Qf8 14. Nge2 Bh6 15. g5 fxg5 16. Bxg5 Bxg5 17. Qxg5 Rxf3 18. Ng3 Qf4+ 19. Qxf4 Rxf4 20. Rdf1 Rxf1+ 21. Rxf1 Nbd7 22. Rg1 Nf6 23. h4 h6 24. Nf5 Kh7 25. Ne7 Ncxe4 26. Nxe4 Nxe4 27. Nxg6 Bf5 28. Ne7 Rf8 29. Rf1 Ng3 30. Rf3 Rf7 31. Nxf5 Nxf5 32. Bd3 Kg6 33. Rg3+ Kh5 34. Be2+ Kxh4 35. Rg4+ Kh3 36. Rg6 h5 37. Bxh5 Ne3 38. Rg8 Rf1+ 39. Kd2 Nxd5 40. Ke2 Rf6 41. Bf3 Nf4+ 42. Kf2 Nh5 43. Ke3 Rh6 44. Rg1 Kh4 45. Rg4+ Kh3 46. Rg1 Ng3 47. Kf2 Rg6 48. Rg2 Nh1+ 49. Kf1 Rxg2 50. Bxg2+ Kh2 51. Bc6 Ng3+ 52. Kf2 Nf5 53. Be4 Ne7 54. Ke3 Kg3 55. Bd3 c6 56. c4 Kg4 57. Kd2 Kf4 58. Kc3 e4 59. Bf1 Ke3 60. Bh3 d5 61. cxd5 cxd5 62. Bg4 Nc6 63. a3 d4+ 64. Kc4 Ne5+ 0-1